| 000 | 00786nam a22002657a 4500 | ||
|---|---|---|---|
| 001 | 449 | ||
| 003 | CO-MdFUSB | ||
| 005 | 20190202100300.0 | ||
| 008 | 170524t19931998s ||||| |||| 00| 0 s d | ||
| 020 | _a84-8164-204-5 | ||
| 040 |
_aCO-MdFUSB _bspa _cCO-MdFUSB _dCO-MdFUSBC _erda |
||
| 041 | 0 | _aspa | |
| 082 | 0 | 4 | _aG 220.7 T785b |
| 100 | 1 |
_aTrebolle Barrera, Julio _eautor |
|
| 245 | 1 | 3 |
_aLa Biblia judía y la Biblia cristiana _b : Introducción a la historia de la Biblia _c/ Julio Trebolle Barrera |
| 250 | _a3 ed. actualizada | ||
| 264 | 4 |
_aValladolid, España : _b Trotta, _c©1993-1998 |
|
| 300 | _a710 Pag. | ||
| 336 |
_2rdacontent _a1 _ba1 |
||
| 337 |
_2rdamedia _a2 _b5 |
||
| 338 |
_2rdacarrier _a2 _b5 |
||
| 650 | 0 |
_aBiblia _916 |
|
| 653 | _aBiblia - Historia | ||
| 942 | _cBK | ||
| 999 |
_c31974 _d31974 |
||